Riconosci la Squadra di calcio - Quiz n°91 - Statistics

Statistiche generali
  • Questo quiz è stato fatto 16 volte
  • Il punteggio medio è 6 su 10
Statistiche sulle risposte
Indizio Risposta % Corretto
Titoli nazionali 18 Campionati svedesi
100%
Colori sociali Bianco · blu
94%
Simboli Leone di Folkung
81%
Capienza Stadio 18 800 posti
56%
Divisione nazionale 2023-2024 Prima
56%
Trofei nazionali 8 Coppe di Svezia 1 Supercoppa di Svezia
50%
Confederazione UEFA
50%
Fondazione 1904
44%
Trofei internazionali 2 Coppe UEFA/Europa League
38%
Squadra Göteborg
25%
Nessun quiz corrispondente trovato
Distribuzione punteggi
Percentuale di utenti per punteggio
Percentile per numero di risposta
I tuoi punteggi nel tempo
Non hai fatto questo quiz